[Event "Monarch Assurance Isle of Man 10th"]
[Site "Port Erin IOM"]
[Date "2001.10.02"]
[Round "4.14"]
[White "Ellison, D George"]
[Black "McNab, Colin"]
[Result "0-1"]
[WhiteElo "2104"]
[BlackElo "2437"]
[PlyCount "78"]
[EventDate "2001.09.29"]
[EventType "swiss"]
[EventRounds "9"]
[EventCountry "IOM"]
[SourceTitle "BritBase"]
[SourceDate "2008.07.14"]
[SourceVersion "1"]
[SourceVersionDate "2008.07.14"]
[SourceQuality "2"]

1. c4 e5 2. g3 d6 3. Bg2 g6 4. Nc3 Bg7 5. d3 f5 6. e4 Nc6 7. Nge2 Nf6 8. O-O
O-O 9. h3 Be6 10. Nd5 Qd7 11. Kh2 Kh8 12. Bg5 Ng8 13. Be3 Nd8 14. Ndc3 a6 15.
f4 Rb8 16. a4 Nc6 17. exf5 gxf5 18. Ng1 e4 19. dxe4 Bxc4 20. Rf2 fxe4 21. Bxe4
Nf6 22. Bd3 Qf7 23. Bxc4 Qxc4 24. Qd2 Rbe8 25. Re2 d5 26. Nf3 d4 27. Nxd4 Rxe3
28. Rxe3 Nxd4 29. Qg2 Nf5 30. Re5 Nh5 31. Re4 Qc6 32. g4 {(=)} Nh4 33. Qe2 Nxf4
34. Qc2 Nf3+ 35. Kg3 Ng5 36. Rxf4 Rxf4 37. Kxf4 Qf3+ 38. Kxg5 Bf6+ 39. Kh5
Qxh3# 0-1

[Event "Monarch Assurance Isle of Man 10th"]
[Site "Port Erin IOM"]
[Date "2001.10.02"]
[Round "4.15"]
[White "Afek, Yochanan"]
[Black "Collins, Sam IRL"]
[Result "0-1"]
[WhiteElo "2381"]
[BlackElo "2194"]
[PlyCount "82"]
[EventDate "2001.09.29"]
[EventType "swiss"]
[EventRounds "9"]
[EventCountry "IOM"]
[SourceTitle "BritBase"]
[SourceDate "2008.07.14"]
[SourceVersion "1"]
[SourceVersionDate "2008.07.14"]
[SourceQuality "2"]

1. e4 c5 2. Nf3 e6 3. c3 d5 4. e5 Nc6 5. d4 Qb6 6. a3 c4 7. Qc2 Na5 8. Nbd2 Bd7
9. Be2 h6 10. h4 Ne7 11. h5 Nc8 12. g4 Be7 13. Nh4 Qd8 14. Ng2 Nb6 15. f4 Ba4
16. Qb1 Qd7 17. O-O O-O-O 18. Nf3 Rhg8 19. f5 Nb3 20. Ra2 Nxc1 21. Qxc1 exf5
22. Qf4 g6 23. hxg6 fxg6 24. Qxh6 fxg4 25. e6 Qc7 26. Ne5 g3 27. Rf7 Bc2 28.
Qe3 Bf5 29. Bg4 Bxg4 30. Nxg4 Qd6 31. Ra1 g5 32. Re1 Rg6 33. Ne5 Rh6 34. Rxe7
Qxe7 35. Nf7 Rh3 36. Qxg5 Rdh8 37. Kf1 Rh1+ 38. Ke2 Qxe6+ 39. Ne5 Rg8 40. Qf4
Rxe1+ 41. Kxe1 a6 0-1

[Event "Monarch Assurance Isle of Man 10th"]
[Site "Port Erin IOM"]
[Date "2001.10.02"]
[Round "4.16"]
[White "Van Kemenade, Rudy"]
[Black "Williams, Simon K"]
[Result "0-1"]
[WhiteElo "1992"]
[BlackElo "2369"]
[PlyCount "58"]
[EventDate "2001.09.29"]
[EventType "swiss"]
[EventRounds "9"]
[EventCountry "IOM"]
[SourceTitle "BritBase"]
[SourceDate "2008.07.14"]
[SourceVersion "1"]
[SourceVersionDate "2008.07.14"]
[SourceQuality "2"]

1. e4 e6 2. d4 d5 3. Be3 dxe4 4. Nd2 Nf6 5. f3 Nd5 6. Qe2 c5 7. dxc5 exf3 8.
Ngxf3 Nxe3 9. Qxe3 Qa5 10. Bc4 Qxc5 11. Qe2 Be7 12. O-O-O O-O 13. h4 Nd7 14.
Ne4 Qc7 15. Neg5 Nb6 16. Bd3 g6 17. Ne5 Bf6 18. Ng4 Bg7 19. Rdf1 Qe7 20. Kb1
Na4 21. Nxh7 Bxb2 22. Qd2 f5 23. Bb5 Bc3 24. Nhf6+ Rxf6 25. Nxf6+ Qxf6 26. Qg5
Nc5 27. Bc4 Ne4 28. Qxf6 Bxf6 29. Rf4 Be5 0-1

[Event "Monarch Assurance Isle of Man 10th"]
[Site "Port Erin IOM"]
[Date "2001.10.02"]
[Round "4.17"]
[White "Bousbouras, Spyridon"]
[Black "Marusenko, Petr"]
[Result "0-1"]
[WhiteElo "2102"]
[BlackElo "2362"]
[PlyCount "50"]
[EventDate "2001.09.29"]
[EventType "swiss"]
[EventRounds "9"]
[EventCountry "IOM"]
[SourceTitle "BritBase"]
[SourceDate "2008.07.14"]
[SourceVersion "1"]
[SourceVersionDate "2008.07.14"]
[SourceQuality "2"]

1. e4 c6 2. d4 d5 3. f3 e6 4. Nc3 Qb6 5. Nge2 Nf6 6. Rb1 c5 7. Be3 Nc6 8. dxc5
Bxc5 9. Bxc5 Qxc5 10. Qd3 O-O 11. Rd1 Nb4 12. Qd2 dxe4 13. a3 exf3 14. gxf3
Nbd5 15. Nxd5 exd5 16. Rg1 Bf5 17. Nd4 Rfe8+ 18. Kf2 Bg6 19. c3 Re5 20. Bd3
Ne4+ 21. fxe4 dxe4 22. Bxe4 Bxe4 23. Rg4 Rae8 24. Rdg1 Bg6 25. h4 Re2+ 0-1

[Event "Monarch Assurance Isle of Man 10th"]
[Site "Port Erin IOM"]
[Date "2001.10.02"]
[Round "4.18"]
[White "Hanley, Craig A"]
[Black "Spence, David J"]
[Result "1-0"]
[WhiteElo "2278"]
[BlackElo "2185"]
[PlyCount "87"]
[EventDate "2001.09.29"]
[EventType "swiss"]
[EventRounds "9"]
[EventCountry "IOM"]
[SourceTitle "BritBase"]
[SourceDate "2008.07.14"]
[SourceVersion "1"]
[SourceVersionDate "2008.07.14"]
[SourceQuality "2"]

1. c4 f5 2. g3 Nf6 3. Bg2 g6 4. Nf3 Bg7 5. O-O d6 6. d4 O-O 7. Nc3 Nc6 8. d5
Na5 9. Nd2 c5 10. a3 e6 11. Rb1 exd5 12. Nxd5 Nc6 13. b4 Be6 14. bxc5 Na5 15.
cxd6 Qxd6 16. Qa4 Bxd5 17. cxd5 b6 18. Nc4 Nxc4 19. Qxc4 Rac8 20. Qa4 Rf7 21.
Bf4 Qd7 22. Qxd7 Rxd7 23. Rfc1 Rxc1+ 24. Rxc1 Nxd5 25. Rc8+ Kf7 26. Bxd5+ Rxd5
27. Rc7+ Kf6 28. Rxa7 b5 29. Kg2 Bf8 30. Ra5 Ke6 31. f3 Rc5 32. Ra8 Bg7 33.
Ra6+ Kf7 34. Ra7+ Kf6 35. e4 fxe4 36. fxe4 Bf8 37. e5+ Ke6 38. Ra6+ Kf7 39. e6+
Kg8 40. Ra8 Rc2+ 41. Kf3 Rc3+ 42. Ke4 Rc4+ 43. Ke5 Ra4 44. Rxa4 1-0

[Event "Monarch Assurance Isle of Man 10th"]
[Site "Port Erin IOM"]
[Date "2001.10.02"]
[Round "4.19"]
[White "Allen, Keith"]
[Black "Jackson, Adrian"]
[Result "0-1"]
[WhiteElo "2289"]
[BlackElo "2230"]
[PlyCount "44"]
[EventDate "2001.09.29"]
[EventType "swiss"]
[EventRounds "9"]
[EventCountry "IOM"]
[SourceTitle "BritBase"]
[SourceDate "2008.07.14"]
[SourceVersion "1"]
[SourceVersionDate "2008.07.14"]
[SourceQuality "2"]

1. d4 Nf6 2. c4 e6 3. Nc3 Bb4 4. Qc2 d5 5. cxd5 Qxd5 6. e3 c5 7. Bd2 Bxc3 8.
Bxc3 cxd4 9. Bxd4 Nc6 10. Bxf6 gxf6 11. Nf3 Bd7 12. a3 Rc8 13. Qd2 Qxd2+ 14.
Nxd2 Ne5 15. Be2 Rg8 16. f4 Ng4 17. Bxg4 Rxg4 18. g3 Rc2 19. Rb1 Bb5 20. b4 Ke7
21. Rg1 Rg8 22. Rg2 Rd8 0-1

[Event "Monarch Assurance Isle of Man 10th"]
[Site "Port Erin IOM"]
[Date "2001.10.02"]
[Round "4.20"]
[White "May, Frank"]
[Black "Arakhamia-Grant, Ketevan"]
[Result "0-1"]
[WhiteElo "2125"]
[BlackElo "2446"]
[PlyCount "126"]
[EventDate "2001.09.29"]
[EventType "swiss"]
[EventRounds "9"]
[EventCountry "IOM"]
[SourceTitle "BritBase"]
[SourceDate "2008.07.14"]
[SourceVersion "1"]
[SourceVersionDate "2008.07.14"]
[SourceQuality "2"]

1. d4 Nf6 2. c4 g6 3. Nc3 Bg7 4. e4 d6 5. Nge2 O-O 6. Ng3 c5 7. d5 e6 8. Be2
exd5 9. exd5 Nbd7 10. O-O Re8 11. Bg5 h6 12. Be3 a6 13. Qd2 Kh7 14. h3 Qe7 15.
Rfe1 Qf8 16. a4 b6 17. Ra3 Ng8 18. Rb3 f5 19. Kh1 Rb8 20. f4 Rb7 21. Bd3 Ndf6
22. a5 bxa5 23. Rxb7 Bxb7 24. Bf2 Bc8 25. Na4 h5 26. Qxa5 h4 27. Ne2 Ne4 28.
Bxh4 Bf6 29. Bxf6 Ngxf6 30. Rf1 Qg7 31. Qe1 Kg8 32. Nac3 Qb7 33. Qh4 Kg7 34.
Bxe4 Nxe4 35. Nxe4 Rxe4 36. Ng3 Re8 37. Qg5 Kf7 38. h4 Qxb2 39. h5 Qf6 40.
hxg6+ Qxg6 41. Qxg6+ {(=)} Kxg6 42. Rb1 Kf7 43. Rb6 Re1+ 44. Kh2 Ke7 45. Rc6
Bd7 46. Rxa6 Rc1 47. Ra7 Kd8 48. Ra8+ Kc7 49. Ra7+ Kc8 50. Ra8+ Kb7 51. Rf8
Rxc4 52. Nxf5 Bxf5 53. Rxf5 Rd4 54. Kg3 c4 55. Rh5 c3 56. Rh1 Rxd5 57. Rc1 Rd3+
58. Kg4 Kc6 59. f5 Kd7 60. Kf4 d5 61. Ke5 d4 62. Kd5 Rd2 63. Kc4 c2 0-1

[Event "Monarch Assurance Isle of Man 10th"]
[Site "Port Erin IOM"]
[Date "2001.10.02"]
[Round "4.21"]
[White "Clark, Stephen P"]
[Black "Crouch, Colin"]
[Result "0-1"]
[WhiteElo "2112"]
[BlackElo "2407"]
[PlyCount "130"]
[EventDate "2001.09.29"]
[EventType "swiss"]
[EventRounds "9"]
[EventCountry "IOM"]
[SourceTitle "BritBase"]
[SourceDate "2008.07.14"]
[SourceVersion "1"]
[SourceVersionDate "2008.07.14"]
[SourceQuality "2"]

1. d4 Nf6 2. Nf3 b6 3. Bf4 Bb7 4. Nbd2 g6 5. e3 Bg7 6. h3 O-O 7. c3 d6 8. Be2
Nbd7 9. O-O Qe8 10. Bh2 e5 11. dxe5 dxe5 12. Nc4 Ne4 13. Qc2 Qe7 14. Rfd1 Rad8
15. a4 a5 16. Na3 f5 17. b4 Kh8 18. bxa5 bxa5 19. Nc4 Qc5 20. Nfd2 Nxd2 21.
Rxd2 Nb6 22. Nxb6 cxb6 23. Rad1 Rxd2 24. Rxd2 f4 25. exf4 exf4 26. c4 Qb4 27.
f3 Bc6 28. Bd1 Bxa4 29. Qd3 Bc6 30. Kh1 b5 31. Bb3 a4 32. Ba2 Qe7 33. Re2 Qb7
34. Bg1 b4 35. Bc5 Re8 36. Rxe8+ Bxe8 37. Qd8 Qd7 38. Qxd7 Bxd7 39. Bxb4 Bd4
40. Bd6 g5 41. h4 h6 42. hxg5 hxg5 43. Be7 g4 44. fxg4 Bxg4 45. Bg5 Be5 46. Kg1
Bd1 47. c5 Bb3 48. Bb1 Bd5 49. Be7 Kg7 50. Kf1 Kf7 51. Bh4 a3 52. Bf2 Ke6 53.
Ke2 Bxg2 54. Kd3 Bd5 55. Bd4 a2 56. Bxa2 Bxa2 57. c6 Bc7 58. Bf2 Bd5 59. Ke2
Kf5 60. Kf1 Bxc6 61. Ke2 Ke4 62. Bh4 Bb5+ 63. Kf2 Bb6+ 64. Ke1 f3 65. Bg3 Kf5
0-1

[Event "Monarch Assurance Isle of Man 10th"]
[Site "Port Erin IOM"]
[Date "2001.10.02"]
[Round "4.22"]
[White "Lutton, J Ezra"]
[Black "Bisby, Daniel"]
[Result "0-1"]
[WhiteElo "2093"]
[BlackElo "2285"]
[PlyCount "66"]
[EventDate "2001.09.29"]
[EventType "swiss"]
[EventRounds "9"]
[EventCountry "IOM"]
[SourceTitle "BritBase"]
[SourceDate "2008.07.14"]
[SourceVersion "1"]
[SourceVersionDate "2008.07.14"]
[SourceQuality "2"]

1. Nc3 c5 2. e4 Nc6 3. f4 g6 4. Nf3 Bg7 5. Bb5 Nd4 6. Bd3 d6 7. Nxd4 cxd4 8.
Ne2 Nf6 9. c3 dxc3 10. bxc3 b6 11. Bc2 Bb7 12. d3 Qc7 13. O-O O-O 14. Qe1 Rac8
15. Rb1 Nd7 16. Rb3 Nc5 17. Rb2 Qd7 18. f5 Na4 19. Rb3 d5 20. Ra3 b5 21. e5
Bxe5 22. d4 Bg7 23. Qh4 Qd6 24. Rb3 b4 25. c4 Nc3 26. Nxc3 dxc4 27. Ne4 Qxd4+
28. Be3 cxb3 29. Bxd4 Bxd4+ 30. Nf2 bxc2 31. Qh6 Ba6 32. Re1 Bb2 33. fxg6 fxg6
0-1

[Event "Monarch Assurance Isle of Man 10th"]
[Site "Port Erin IOM"]
[Date "2001.10.02"]
[Round "4.23"]
[White "Isherwood, Paul"]
[Black "Yurenok, Maria"]
[Result "0-1"]
[WhiteElo "2172"]
[BlackElo "2088"]
[PlyCount "84"]
[EventDate "2001.09.29"]
[EventType "swiss"]
[EventRounds "9"]
[EventCountry "IOM"]
[SourceTitle "BritBase"]
[SourceDate "2008.07.14"]
[SourceVersion "1"]
[SourceVersionDate "2008.07.14"]
[SourceQuality "2"]

1. e4 c5 2. Nf3 e6 3. d4 cxd4 4. Nxd4 Nc6 5. Nb3 Nf6 6. Nc3 a6 7. f4 d6 8. Bd3
Be7 9. Qf3 O-O 10. Be3 Bd7 11. O-O b5 12. Rae1 b4 13. Nd1 a5 14. g4 a4 15. Nd2
d5 16. e5 Ne8 17. Qh3 f5 18. Nf3 Nc7 19. Nd4 Nxd4 20. Bxd4 Bb5 21. Ne3 Bxd3 22.
cxd3 Nb5 23. gxf5 Nxd4 24. fxe6 g6 25. Kh1 Nf5 26. Ng4 Qb6 27. Re2 Qxe6 28. Rg2
Kh8 29. Rfg1 Nh4 30. Rf2 d4 31. Rg3 Qc6+ 32. Kg1 Nf5 33. Rgg2 Bh4 34. Rf1 Rac8
35. Re2 Qe6 36. Nh6 Be7 37. Rg2 Rc6 38. Ng4 Ne3 39. f5 Nxf5 40. Rgf2 Qg8 41.
Qg2 Rfc8 42. Qe4 h5 0-1

[Event "Monarch Assurance Isle of Man 10th"]
[Site "Port Erin IOM"]
[Date "2001.10.02"]
[Round "4.24"]
[White "McNally, Bruce"]
[Black "Coathup, Roger"]
[Result "1/2-1/2"]
[WhiteElo "2010"]
[BlackElo "2130"]
[PlyCount "87"]
[EventDate "2001.09.29"]
[EventType "swiss"]
[EventRounds "9"]
[EventCountry "IOM"]
[SourceTitle "BritBase"]
[SourceDate "2008.07.14"]
[SourceVersion "1"]
[SourceVersionDate "2008.07.14"]
[SourceQuality "2"]

1. d4 Nf6 2. Nf3 g6 3. e3 Bg7 4. Be2 O-O 5. b3 c5 6. O-O cxd4 7. exd4 b6 8.
Nbd2 Bb7 9. Bb2 Nc6 10. Re1 d6 11. c4 Qc7 12. d5 Nd8 13. Bd3 e5 14. dxe6 Nxe6
15. Rc1 Rad8 16. Bxf6 Bxf6 17. Be4 Nc5 18. Bxb7 Qxb7 19. Qe2 d5 20. cxd5 Rxd5
21. Ne4 Nxe4 22. Qxe4 Qd7 23. Qf4 Rd6 24. g3 Rd8 25. Rc4 {(=)} Rc6 26. Rxc6
Qxc6 27. Rc1 Qd6 28. Qxd6 Rxd6 29. Rc7 a5 30. h4 h6 31. Kf1 Re6 32. Rc8+ Kg7
33. Rc4 Be7 34. Ne1 g5 35. hxg5 hxg5 36. g4 b5 37. Rd4 Rc6 38. a4 bxa4 39. bxa4
Rc1 40. Ke2 Ra1 41. Nd3 Kf6 42. Ke3 Ra3 43. Ke4 Ra2 44. Kd5 1/2-1/2

[Event "Monarch Assurance Isle of Man 10th"]
[Site "Port Erin IOM"]
[Date "2001.10.02"]
[Round "4.25"]
[White "Ormsby, Alan"]
[Black "Bolt, Graham"]
[Result "1/2-1/2"]
[WhiteElo "1720"]
[BlackElo "2124"]
[PlyCount "127"]
[EventDate "2001.09.29"]
[EventType "swiss"]
[EventRounds "9"]
[EventCountry "IOM"]
[SourceTitle "BritBase"]
[SourceDate "2008.07.14"]
[SourceVersion "1"]
[SourceVersionDate "2008.07.14"]
[SourceQuality "2"]

1. e4 c5 2. Nf3 Nc6 3. d4 cxd4 4. Nxd4 Nf6 5. Nc3 e6 6. Ndb5 d6 7. Bf4 e5 8.
Bg5 a6 9. Na3 b5 10. Bxf6 Qxf6 11. Nd5 Qd8 12. c3 Be7 13. Bd3 O-O 14. Nc2 Bg5
15. Nce3 Bxe3 16. Nxe3 Ne7 17. O-O Bb7 18. Qd2 f5 19. exf5 e4 20. Bc2 Nxf5 21.
Nxf5 Rxf5 22. Rad1 Rf6 23. Rfe1 Qe7 24. Bb3+ Kh8 25. Bd5 Bxd5 26. Qxd5 Re8 27.
Re3 Re6 28. Rd4 h6 29. a3 Qh4 30. g3 Qe7 31. Kg2 g5 32. h3 Kg7 33. a4 bxa4 34.
Rxa4 Re5 35. Qd4 Qf6 36. Rxa6 Rf8 37. Ra7+ Kg6 38. Qd2 Rf5 39. Re2 Rf3 40. Ra6
Rd3 41. Qe1 Qf3+ 42. Kg1 Rf6 43. Ra1 d5 44. Rd1 Rb6 45. Rxd3 Qxd3 46. Qd2 Qxd2
47. Rxd2 Rb5 48. Kf1 Kf5 49. Ke2 {(=)} Ke5 50. b4 h5 51. Ke3 Rb8 52. Rb2 Rf8
53. Ke2 Rf3 54. b5 Rxc3 55. b6 Rc8 56. b7 Rb8 57. Rb6 Kd4 58. Kd2 Kc5 59. Rb1
d4 60. Rb2 Kd5 61. Rb5+ {(=)} Kc4 62. Rb6 Kc5 63. Rb2 Kc6 64. Rb4 1/2-1/2

[Event "Monarch Assurance Isle of Man 10th"]
[Site "Port Erin IOM"]
[Date "2001.10.02"]
[Round "4.26"]
[White "Dossett, Chris"]
[Black "Benson, Paul"]
[Result "1-0"]
[WhiteElo "1768"]
[BlackElo "2046"]
[PlyCount "63"]
[EventDate "2001.09.29"]
[EventType "swiss"]
[EventRounds "9"]
[EventCountry "IOM"]
[SourceTitle "BritBase"]
[SourceDate "2008.07.14"]
[SourceVersion "1"]
[SourceVersionDate "2008.07.14"]
[SourceQuality "2"]

1. e4 e6 2. d3 d5 3. Nd2 Nf6 4. Ngf3 Bc5 5. Be2 Nc6 6. O-O O-O 7. Nb3 Be7 8. e5
Nd7 9. Bf4 f6 10. exf6 Bxf6 11. d4 e5 12. dxe5 Ndxe5 13. c3 Ng6 14. Bg3 Nce7
15. h3 Nf5 16. Bh2 c6 17. Bd3 Be7 18. Nbd4 Bd6 19. Qc2 Nfe7 20. Rae1 Rf6 21.
Ng5 Bxh2+ 22. Kxh2 c5 23. Ne2 h6 24. Nf3 Qd6+ 25. Ng3 Nf4 26. Ne5 c4 27. Nxc4
dxc4 28. Bxc4+ Kh8 29. Ne4 Qc7 30. Nxf6 gxf6 31. g3 Bf5 32. Rxe7 1-0

[Event "Monarch Assurance Isle of Man 10th"]
[Site "Port Erin IOM"]
[Date "2001.10.02"]
[Round "4.27"]
[White "Stuart, E Leslie"]
[Black "Waugh, Jonathon C"]
[Result "1-0"]
[WhiteElo "2039"]
[BlackElo "1672"]
[PlyCount "79"]
[EventDate "2001.09.29"]
[EventType "swiss"]
[EventRounds "9"]
[EventCountry "IOM"]
[SourceTitle "BritBase"]
[SourceDate "2008.07.14"]
[SourceVersion "1"]
[SourceVersionDate "2008.07.14"]
[SourceQuality "2"]

1. e4 c5 2. Nf3 d6 3. Be2 Nc6 4. O-O Nf6 5. d3 e6 6. Re1 Be7 7. h3 O-O 8. c3
Qc7 9. Bf4 e5 10. Bh2 Ne8 11. Na3 a6 12. Nc4 f5 13. Ne3 f4 14. Nd5 Qd8 15. d4
Nf6 16. dxc5 dxc5 17. a4 Kh8 18. Bc4 h6 19. Nxf6 Bxf6 20. Qxd8 Rxd8 21. Rad1
Bd7 22. Kf1 Be8 23. Bd5 g5 24. Nd2 Kg7 25. f3 Rab8 26. Bg1 b6 27. Nb1 Be7 28.
b3 Na5 29. Na3 Kf6 30. Rb1 b5 31. axb5 axb5 32. b4 cxb4 33. cxb4 Nc4 34. Nxc4
bxc4 35. Bxc4 Rxb4 36. Rxb4 Bxb4 37. Ra1 Be7 38. Bd5 Bf7 39. Ra5 Be8 40. Ke2 {
time} 1-0

[Event "Monarch Assurance Isle of Man 10th"]
[Site "Port Erin IOM"]
[Date "2001.10.02"]
[Round "4.28"]
[White "Spanton, Tim"]
[Black "Nicholson, John"]
[Result "0-1"]
[WhiteElo "2051"]
[BlackElo "1865"]
[PlyCount "28"]
[EventDate "2001.09.29"]
[EventType "swiss"]
[EventRounds "9"]
[EventCountry "IOM"]
[SourceTitle "BritBase"]
[SourceDate "2008.07.14"]
[SourceVersion "1"]
[SourceVersionDate "2008.07.14"]
[SourceQuality "2"]

1. e4 c5 2. c4 Nc6 3. Ne2 Nf6 4. Nbc3 e6 5. d4 cxd4 6. Nxd4 a6 7. Be3 Bb4 8.
Bd3 O-O 9. O-O Qc7 10. f4 Bc5 11. e5 Nxe5 12. fxe5 Qxe5 13. Rxf6 Qxe3+ 14. Rf2
Bxd4 0-1

[Event "Monarch Assurance Isle of Man 10th"]
[Site "Port Erin IOM"]
[Date "2001.10.03"]
[Round "5.1"]
[White "Hebden, Mark"]
[Black "Kiriakov, Petr"]
[Result "1/2-1/2"]
[WhiteElo "2559"]
[BlackElo "2548"]
[PlyCount "30"]
[EventDate "2001.09.29"]
[EventType "swiss"]
[EventRounds "9"]
[EventCountry "IOM"]
[SourceTitle "BritBase"]
[SourceDate "2008.07.14"]
[SourceVersion "1"]
[SourceVersionDate "2008.07.14"]
[SourceQuality "2"]

1. d4 e6 2. Nf3 Nf6 3. c3 b6 4. Bg5 Bb7 5. Nbd2 Be7 6. h4 Ne4 7. Nxe4 Bxe4 8.
Bxe7 Qxe7 9. Nd2 Bb7 10. e4 c5 11. dxc5 Qxc5 12. Nc4 d5 13. exd5 Bxd5 14. Qa4+
Bc6 15. Qc2 Nd7 1/2-1/2

[Event "Monarch Assurance Isle of Man 10th"]
[Site "Port Erin IOM"]
[Date "2001.10.03"]
[Round "5.2"]
[White "Tiviakov, Sergei"]
[Black "Flear, Glenn"]
[Result "1/2-1/2"]
[WhiteElo "2618"]
[BlackElo "2489"]
[PlyCount "93"]
[EventDate "2001.09.29"]
[EventType "swiss"]
[EventRounds "9"]
[EventCountry "IOM"]
[SourceTitle "BritBase"]
[SourceDate "2008.07.14"]
[SourceVersion "1"]
[SourceVersionDate "2008.07.14"]
[SourceQuality "2"]

1. e4 e5 2. Nf3 Nc6 3. d4 exd4 4. Nxd4 Bc5 5. Nxc6 Qf6 6. Qd2 dxc6 7. Nc3 Bd7
8. Bd3 Nh6 9. h3 O-O-O 10. Qf4 Qe7 11. Be3 f6 12. Bxc5 Qxc5 13. O-O-O Nf7 14.
Rhe1 Rhe8 15. Qe3 Qxe3+ 16. Rxe3 Re7 17. Rg3 Ne5 18. h4 Bg4 19. f3 Bh5 20. Rh3
h6 21. Be2 Rxd1+ 22. Kxd1 Bf7 23. f4 Nd7 24. Rg3 Be6 25. Bd3 Kd8 26. Kd2 a5 27.
a3 b6 28. Ne2 c5 29. Bb5 Nb8 30. c3 c6 31. Bd3 Nd7 32. c4 Ke8 33. Nc3 Kf8 34.
Be2 g5 35. hxg5 hxg5 36. fxg5 Rg7 37. g6 Bf7 38. Ke3 Rxg6 39. Rxg6 Bxg6 40. Na4
Ke7 41. Kf4 Kd6 42. b3 Bf7 43. Nb2 Be6 44. g3 Ne5 {(=)} 45. Nd3 Ng6+ 46. Ke3
Ne5 47. Kf4 1/2-1/2

[Event "Monarch Assurance Isle of Man 10th"]
[Site "Port Erin IOM"]
[Date "2001.10.03"]
[Round "5.3"]
[White "Ulibin, Mikhail"]
[Black "Shaw, John"]
[Result "1/2-1/2"]
[WhiteElo "2583"]
[BlackElo "2478"]
[PlyCount "70"]
[EventDate "2001.09.29"]
[EventType "swiss"]
[EventRounds "9"]
[EventCountry "IOM"]
[SourceTitle "BritBase"]
[SourceDate "2008.07.14"]
[SourceVersion "1"]
[SourceVersionDate "2008.07.14"]
[SourceQuality "2"]

1. e4 c5 2. Nf3 Nc6 3. Bb5 g6 4. Bxc6 dxc6 5. d3 Bg7 6. O-O Nf6 7. Nbd2 O-O 8.
Nc4 Bg4 9. a4 Nd7 10. h3 Bxf3 11. Qxf3 Ne5 12. Nxe5 Bxe5 13. Qe2 Qd7 14. c3
Rad8 15. Be3 Qxd3 16. Qxd3 Rxd3 17. Bxc5 Rd2 18. Bxe7 Re8 19. Ba3 Bc7 20. Rad1
Rxd1 21. Rxd1 Rxe4 22. Kf1 Rxa4 23. Rd7 Bb6 24. Rxb7 Re4 25. Rb8+ Kg7 26. Rc8
Re6 27. Bf8+ Kf6 28. Bh6 Ke7 29. Rh8 Re5 30. Bf8+ Ke6 31. Rxh7 Rd5 32. Ke2 Re5+
33. Kf1 Rd5 34. Ke2 Re5+ 35. Kf1 Rd5 1/2-1/2

[Event "Monarch Assurance Isle of Man 10th"]
[Site "Port Erin IOM"]
[Date "2001.10.03"]
[Round "5.5"]
[White "Brodsky, Michail"]
[Black "Gormally, Daniel W"]
[Result "1/2-1/2"]
[WhiteElo "2528"]
[BlackElo "2481"]
[PlyCount "96"]
[EventDate "2001.09.29"]
[EventType "swiss"]
[EventRounds "9"]
[EventCountry "IOM"]
[SourceTitle "BritBase"]
[SourceDate "2008.07.14"]
[SourceVersion "1"]
[SourceVersionDate "2008.07.14"]
[SourceQuality "2"]

1. e4 c5 2. Nc3 d6 3. Nge2 Nf6 4. g3 Nc6 5. Bg2 g6 6. d4 cxd4 7. Nxd4 Nxd4 8.
Qxd4 Bg7 9. O-O O-O 10. Qd3 Be6 11. Nd5 Rc8 12. c3 Nxd5 13. exd5 Bf5 14. Qb5
Qd7 15. Qxd7 Bxd7 16. a4 Rc4 17. a5 Bf6 18. Be3 Ra8 19. Rfd1 Rcc8 20. Ra3 b5
21. axb6 axb6 22. Rda1 Rab8 23. Rb3 b5 24. Bf1 Rc7 25. Rb4 Rcb7 26. Ra6 Kg7 27.
h4 h6 28. Kh2 g5 29. Bh3 Bxh3 30. Kxh3 gxh4 31. gxh4 Rc8 32. Ra1 Rc4 33. Rg1+
Kh7 34. Rg4 Rbc7 35. Rxb5 Rxg4 36. Kxg4 Rc4+ 37. f4 h5+ 38. Kxh5 Re4 39. Bf2
Rxf4 40. Bg3 Rf1 41. c4 Rf3 42. Kg4 Rd3 43. Rb7 Rd4+ 44. Kf5 Kg7 45. h5 Rxc4
46. Bxd6 Rh4 47. h6+ Rxh6 48. Bxe7 Rh5+ 1/2-1/2

[Event "Monarch Assurance Isle of Man 10th"]
[Site "Port Erin IOM"]
[Date "2001.10.03"]
[Round "5.6"]
[White "Williams, Simon K"]
[Black "Gleizerov, Evgeny"]
[Result "0-1"]
[WhiteElo "2369"]
[BlackElo "2587"]
[PlyCount "86"]
[EventDate "2001.09.29"]
[EventType "swiss"]
[EventRounds "9"]
[EventCountry "IOM"]
[SourceTitle "BritBase"]
[SourceDate "2008.07.14"]
[SourceVersion "1"]
[SourceVersionDate "2008.07.14"]
[SourceQuality "2"]

1. d4 e6 2. c4 f5 3. Nf3 Nf6 4. Qc2 b6 5. g3 Bb7 6. Bg2 Bb4+ 7. Nc3 O-O 8. O-O
Bxc3 9. Qxc3 d6 10. b4 Qe8 11. a4 a6 12. Bb2 Nbd7 13. a5 Ne4 14. Qc2 Ndf6 15.
Ne1 Rc8 16. Nd3 b5 17. c5 Bd5 18. Bc1 h6 19. Nb2 Ng5 20. f3 Qg6 21. Be3 e5 22.
Kh1 e4 23. f4 Ne6 24. Rac1 Rfd8 25. Rfd1 h5 26. Bf2 h4 27. e3 hxg3 28. Bxg3 Kf7
29. Kg1 Ng4 30. Qe2 Rh8 31. h3 Nf6 32. Qf2 Nh5 33. Kh2 Nxg3 34. Qxg3 Qf6 35.
cxd6 c6 36. Rd2 Rcg8 37. Rf1 Qd8 38. Nd1 Qxd6 39. Rb2 Bc4 40. Rg1 g5 41. fxg5
Qxg3+ 42. Kxg3 Nxg5 43. Kf2 Rxh3 0-1

[Event "Monarch Assurance Isle of Man 10th"]
[Site "Port Erin IOM"]
[Date "2001.10.03"]
[Round "5.7"]
[White "Baburin, Alexander"]
[Black "Hanley, Craig A"]
[Result "1-0"]
[WhiteElo "2584"]
[BlackElo "2278"]
[PlyCount "81"]
[EventDate "2001.09.29"]
[EventType "swiss"]
[EventRounds "9"]
[EventCountry "IOM"]
[SourceTitle "BritBase"]
[SourceDate "2008.07.14"]
[SourceVersion "1"]
[SourceVersionDate "2008.07.14"]
[SourceQuality "2"]

1. d4 d5 2. c4 c6 3. Nf3 Nf6 4. e3 Bg4 5. h3 Bxf3 6. Qxf3 e6 7. Nc3 Nbd7 8. Bd2
Bd6 9. g4 h6 10. h4 Qe7 11. O-O-O O-O-O 12. Kb1 Rhe8 13. g5 hxg5 14. hxg5 Ne4
15. Nxe4 dxe4 16. Qg4 f5 17. gxf6 Nxf6 18. Qg6 e5 19. Rg1 Qe6 20. Ba5 b6 21. d5
Qe7 22. Bc3 cxd5 23. cxd5 Kb8 24. Qxg7 Qxg7 25. Rxg7 Rg8 26. Rf7 Rdf8 27. Rxf8+
Rxf8 28. Bh3 Rh8 29. Be6 Rh2 30. Be1 Nh7 31. Rc1 Ng5 32. a3 a5 33. Rc6 Bc7 34.
Bc3 Rxf2 35. d6 Bd8 36. Bd5 Nf7 37. d7 Bc7 38. Re6 Bd8 39. Re8 Kc7 40. Rf8 Rf1+
41. Ka2 1-0